000 01029nam a2200349 a 4500
003 AR-BaBNM
005 20251128205601.0
008 082120s2002 ||||||||||||||000 | spa||
020 _a84-7738-183-6
040 _cAR-BaBNM
100 1 _aMiralles, Ricardo
245 0 0 _aEquilibrio, hegemonía y reparto
_blas relaciones internacionales entre 1870 y 1945
260 _aMadrid
_bSíntesis
_c1993
300 _a235 p.
_btablas
490 0 _aHistoria Universal: Contemporánea
_vv. 10
500 _aApéndice p.225-228
504 _aBibliografía p.229-235
600 1 4 _aBismarck, Otto
650 4 _aHISTORIA EUROPEA
650 4 _aCIENCIAS POLITICAS
650 4 _aGUERRAS MUNDIALES
650 4 _aRELACIONES INTERNACIONALES
650 4 _aFUERZAS ARMADAS
650 4 _aPRIMERA GUERRA MUNDIAL
650 4 _aARMAMENTO
650 4 _aCRISIS ECONOMICA
650 4 _aIMPERIALISMO
800 1 _aPlácido, Domingo
_edirector
800 1 _aHernández Sandoica, Elena
_ecoordinador
942 _cBK
998 _cMariana
999 _c11994
_d11994